[Event "EU-Cup 39th"]
[Site "Vrnjacka Banja"]
[Date "2024.10.22"]
[Round "3.6"]
[White "Hoerstmann, Martin"]
[Black "Arsovic, Jelena"]
[Result "1-0"]
[WhiteElo "2238"]
[BlackElo "1946"]
[PlyCount "83"]
[EventDate "2024.10.20"]
[EventType "team-swiss"]
[EventRounds "7"]
[EventCountry "SRB"]
[SourceTitle "CB44_2024"]
[Source "Chessbase"]
[SourceDate "2024.10.30"]
[SourceVersion "1"]
[SourceVersionDate "2024.10.30"]
[SourceQuality "1"]
[WhiteTeam "Lister Turm"]
[BlackTeam "Jugovic"]
[WhiteTeamCountry "GER"]
[BlackTeamCountry "SRB"]

1. Nf3 d5 2. g3 Bg4 3. Bg2 c6 4. 0-0 Nd7 5. h3 Bh5 6. d3 Ngf6 7. Qe1 e5 8. e4 dxe4 9. dxe4 Bc5 10. Nbd2 0-0 11. Nh4 Re8 12. Nc4 Qc7 13. Bd2 Rad8 14. a4 Bf8 15. Bc3 b6 16. b3 Kh8 17. Kh2 Ng8 18. Bf3 Bxf3 19. Nxf3 f6 20. b4 Nh6 21. Qb1 Nf7 22. Qb3 Nd6 23. Nxd6 Bxd6 24. Rfd1 Nf8 25. Bd2 Ne6 26. Be3 Qe7 27. c3 Rd7 28. Qc4 Rc7 29. Rd3 Rd8 30. Rad1 Rcc8 31. R1d2 g6 32. Kg2 Ng7 33. Kf1 f5 34. exf5 b5 35. Qg4 Ne8 36. f6 Qxf6 37. Rxd6 Rxd6 38. Qxc8 Re6 39. Ng5 Re7 40. Kg2 h6 41. Ne4 Qf7 42. Bc5 1-0

[Event "SRB-chT (Women) Div1"]
[Site "Vrnjacka Banja"]
[Date "2021.09.11"]
[Round "5.4"]
[White "Arsovic, Jelena"]
[Black "Gajcin, Marina"]
[Result "0-1"]
[WhiteElo "2014"]
[BlackElo "2204"]
[PlyCount "62"]
[EventDate "2021.09.07"]
[EventType "tourn"]
[EventRounds "11"]
[EventCountry "SRB"]
[SourceTitle "CBM 204 Extra"]
[Source "ChessBase"]
[SourceDate "2021.11.30"]
[SourceVersion "1"]
[SourceVersionDate "2021.11.30"]
[SourceQuality "1"]
[WhiteTeam "Kac Jugovic (W)"]
[BlackTeam "Sremska Mitrovica Sirmium (W)"]
[WhiteTeamCountry "SRB"]
[BlackTeamCountry "SRB"]

1. e4 c5 2. Nf3 Nc6 3. Bb5 d6 4. 0-0 Bd7 5. Re1 Nf6 6. c3 a6 7. Bf1 e5 8. d4 Be7 9. a4 cxd4 10. cxd4 Bg4 11. d5 Nd4 12. Be3 Nxf3+ 13. gxf3 Bd7 14. Qb3 Qb8 15. Nd2 0-0 16. a5 Nh5 17. Nc4 f5 18. Nb6 Qe8 19. Nxa8 Qxa8 20. Rac1 Bd8 21. Bb6 Nf4 22. Qb4 fxe4 23. Qxd6 Bxb6 24. axb6 Qd8 25. Qxe5 exf3 26. Qe7 Ne2+ 27. Rxe2 fxe2 28. Qxd8 exf1Q+ 29. Kxf1 Rxd8 30. Rc7 Bb5+ 31. Ke1 Rd7 0-1

[Event "SRB-chT (Women)"]
[Site "Valjevo"]
[Date "2018.09.07"]
[Round "8.4"]
[White "Milutinovic, Stefana"]
[Black "Arsovic, Jelena"]
[Result "1/2-1/2"]
[WhiteElo "2149"]
[BlackElo "2034"]
[PlyCount "65"]
[EventDate "2018.08.31"]
[EventType "team-tourn"]
[EventRounds "11"]
[EventCountry "SRB"]
[SourceTitle "CBM 186 Extra"]
[Source "ChessBase"]
[SourceDate "2018.08.24"]
[SourceVersion "1"]
[SourceVersionDate "2018.08.24"]
[SourceQuality "1"]
[WhiteTeam "Belgrade Rad (W)"]
[BlackTeam "Kac Jugovic (W)"]
[WhiteTeamCountry "SRB"]
[BlackTeamCountry "SRB"]

1. d4 d5 2. c4 dxc4 3. Nf3 Nf6 4. e3 Bg4 5. Bxc4 e6 6. 0-0 Be7 7. Nc3 0-0 8. Qe2 c6 9. a3 Nbd7 10. Rd1 Qc7 11. h3 Bxf3 12. Qxf3 Nb6 13. Bf1 Nfd5 14. e4 Nxc3 15. bxc3 Rad8 16. Bf4 Bd6 17. e5 Be7 18. c4 Rd7 19. Rac1 Qd8 20. Qg3 Kh8 21. Qc3 c5 22. Be3 Qc7 23. dxc5 Bxc5 24. Bxc5 Qxc5 25. Qb4 Rc7 26. Rd4 g6 27. Rcd1 a5 28. Qb2 Kg7 29. Rh4 h6 30. Qd2 g5 31. Re4 Rd7 32. Qe1 Rfd8 33. Rxd7 1/2-1/2

[Event "SRB-chT (Women)"]
[Site "Valjevo"]
[Date "2018.08.31"]
[Round "1.2"]
[White "Rakic, Teodora"]
[Black "Arsovic, Jelena"]
[Result "1/2-1/2"]
[WhiteElo "2052"]
[BlackElo "2034"]
[PlyCount "93"]
[EventDate "2018.08.31"]
[EventType "team-tourn"]
[EventRounds "11"]
[EventCountry "SRB"]
[SourceTitle "CBM 186 Extra"]
[Source "ChessBase"]
[SourceDate "2018.08.24"]
[SourceVersion "1"]
[SourceVersionDate "2018.08.24"]
[SourceQuality "1"]
[WhiteTeam "Crvena Zvezda (W)"]
[BlackTeam "Kac Jugovic (W)"]
[WhiteTeamCountry "SRB"]
[BlackTeamCountry "SRB"]

1. d4 d5 2. c4 dxc4 3. Nf3 Nf6 4. e3 g6 5. Bxc4 Bg7 6. Nc3 0-0 7. 0-0 c5 8. dxc5 Qa5 9. Nb5 Ne4 10. Qd5 a6 11. Qxe4 axb5 12. Bd5 e6 13. Bb3 Nd7 14. Qc2 Qc7 15. Bd2 Qxc5 16. Rac1 Qxc2 17. Rxc2 Nb6 18. Bc3 Bd7 19. Bxg7 Kxg7 20. Ne5 Rfc8 21. Nxd7 Nxd7 22. Rfc1 Rxc2 23. Rxc2 Nb6 24. Kf1 Rc8 25. Rxc8 Nxc8 26. Ke2 Kf6 27. Kd3 Ke5 28. f4+ Kd6 29. e4 f6 30. Kd4 e5+ 31. fxe5+ fxe5+ 32. Kd3 Ne7 33. a3 h6 34. Bf7 Kd7 35. g3 g5 36. Ke3 Nc8 37. Bd5 Nd6 38. Kd3 Kc7 39. b3 Ne8 40. Be6 Nf6 41. Bh3 Kd6 42. Bf1 Kc5 43. Be2 Kc6 44. Bf3 Kc5 45. Kc3 b6 46. Bg2 Ng4 47. h4 1/2-1/2

[Event "Thessaloniki Vardaris op 3rd"]
[Site "Thessaloniki"]
[Date "2017.02.26"]
[Round "6"]
[White "Arsovic, Jelena"]
[Black "Frendzas, Panayotis"]
[Result "1-0"]
[WhiteElo "2030"]
[BlackElo "2340"]
[PlyCount "71"]
[EventDate "2017.02.23"]
[EventType "swiss"]
[EventRounds "7"]
[EventCountry "GRE"]
[SourceTitle "CBM 177 Extra"]
[Source "ChessBase"]
[SourceDate "2017.04.27"]
[SourceVersion "1"]
[SourceVersionDate "2017.04.27"]
[SourceQuality "1"]

1. e4 c5 2. Nf3 Nc6 3. Bb5 g6 4. Bxc6 bxc6 5. d3 Bg7 6. 0-0 d6 7. Nc3 e5 8. Bg5 f6 9. Be3 Ne7 10. h3 0-0 11. Nh2 f5 12. exf5 Nxf5 13. Ne4 Be6 14. Qd2 Rb8 15. b3 Rb7 16. Bg5 Qb8 17. Ng4 Rbf7 18. Rae1 h5 19. Nh6+ Nxh6 20. Bxh6 Bf5 21. Bxg7 Kxg7 22. Qc3 Bxe4 23. Rxe4 Qd8 24. f3 Rf4 25. Rfe1 Qg5 26. Rxf4 Rxf4 27. Qd2 Qg3 28. Qf2 Qg5 29. a4 Rf7 30. Kh1 Qd8 31. Qe3 Rf4 32. Qf2 Rf7 33. Qe3 Qa5 34. Qf2 Qc3 35. Re4 Rf4 36. Re2 1-0

[Event "SRB-chT (Women)"]
[Site "Kragujevac"]
[Date "2016.10.02"]
[Round "11.4"]
[White "Arsovic, Jelena"]
[Black "Kovacevic, Radmila"]
[Result "0-1"]
[WhiteElo "2014"]
[BlackElo "2118"]
[PlyCount "128"]
[EventDate "2016.09.22"]
[EventType "team-tourn"]
[EventRounds "11"]
[EventCountry "SRB"]
[SourceTitle "CBM 174 Extra"]
[Source "ChessBase"]
[SourceDate "2016.10.10"]
[SourceVersion "1"]
[SourceVersionDate "2016.10.10"]
[SourceQuality "1"]
[WhiteTeam "Jugovic (W)"]
[BlackTeam "Rad (W)"]
[WhiteTeamCountry "SRB"]
[BlackTeamCountry "SRB"]

1. e4 Nf6 2. e5 Nd5 3. d4 d6 4. Nf3 g6 5. Be2 Bg7 6. 0-0 0-0 7. c4 Nb6 8. exd6 cxd6 9. Nc3 Bg4 10. Be3 Nc6 11. b3 d5 12. c5 Nc8 13. Rc1 e6 14. Ng5 Bxe2 15. Nxe2 h6 16. Nf3 g5 17. h4 f6 18. Qd2 N8e7 19. Ng3 Qe8 20. Rfe1 g4 21. Nh2 h5 22. Bf4 Qf7 23. Bd6 Kh7 24. f3 f5 25. Ne2 Qf6 26. Qg5 Qf7 27. Qd2 Rfe8 28. Qd3 Kh8 29. Rcd1 Ng6 30. fxg4 hxg4 31. h5 Nf8 32. Nf1 Qxh5 33. Nfg3 Qf7 34. Kf2 Kg8 35. Rh1 f4 36. Nh5 g3+ 37. Kf1 e5 38. Nxg7 e4 39. Qd2 f3 40. Nxg3 e3 41. N3f5 exd2 42. Nh6+ Kxg7 43. Nxf7 Re1+ 44. Rxe1 dxe1Q+ 45. Kxe1 fxg2 46. Rg1 Kxf7 47. Rxg2 Re8+ 48. Kd2 Ng6 49. Rg5 Nge7 50. Kc3 Rg8 51. Rh5 Rg4 52. a3 Ke6 53. Rh6+ Rg6 54. Rh7 Nf5 55. Bh2 Nfxd4 56. Rxb7 Rh6 57. Bd6 Rh3+ 58. Kb2 Nf5 59. Rc7 Ncd4 60. Rxa7 Rxb3+ 61. Ka2 Nxd6 62. Ra6 Rb8 63. Rxd6+ Ke5 64. a4 Ra8 0-1

[Event "SRB-chT (Women)"]
[Site "Kragujevac"]
[Date "2016.09.30"]
[Round "9.3"]
[White "Arsovic, Jelena"]
[Black "Drljevic, Ljilja"]
[Result "0-1"]
[WhiteElo "2014"]
[BlackElo "2207"]
[PlyCount "82"]
[EventDate "2016.09.22"]
[EventType "team-tourn"]
[EventRounds "11"]
[EventCountry "SRB"]
[SourceTitle "CBM 174 Extra"]
[Source "ChessBase"]
[SourceDate "2016.10.10"]
[SourceVersion "1"]
[SourceVersionDate "2016.10.10"]
[SourceQuality "1"]
[WhiteTeam "Jugovic (W)"]
[BlackTeam "BAS (W)"]
[WhiteTeamCountry "SRB"]
[BlackTeamCountry "SRB"]

1. e4 g6 2. d4 Bg7 3. Nc3 d6 4. Nf3 Nf6 5. h3 0-0 6. Be3 a6 7. a4 Nc6 8. Be2 e5 9. dxe5 dxe5 10. 0-0 Be6 11. b4 a5 12. b5 Nb4 13. Bc5 Re8 14. Qb1 Nh5 15. Bxb4 axb4 16. Qxb4 Bf8 17. Qb1 Nf4 18. Qd1 Bb4 19. Nd5 Bxd5 20. exd5 e4 21. Nh2 Qg5 22. g3 Nxh3+ 23. Kh1 e3 24. fxe3 Qxg3 25. Ng4 Bc3 26. Ra3 Bg7 27. Qe1 Qd6 28. Rd3 Ng5 29. a5 h5 30. Nh2 Be5 31. Qh4 Nh7 32. Nf3 Rxa5 33. c4 Ra2 34. Nd2 Bg3 35. Qd4 Ng5 36. e4 h4 37. Qe3 Qd7 38. Rf5 Qxf5 39. exf5 Rxe3 40. Rxe3 Rxd2 41. f6 b6 0-1

[Event "SRB-chT (Women)"]
[Site "Kragujevac"]
[Date "2015.08.27"]
[Round "8.3"]
[White "Djukic, Sandra"]
[Black "Arsovic, Jelena"]
[Result "1-0"]
[WhiteElo "2168"]
[BlackElo "2061"]
[PlyCount "57"]
[EventDate "2015.08.20"]
[EventType "team-tourn"]
[EventRounds "11"]
[EventCountry "SRB"]
[SourceTitle "EXT 2016"]
[Source "ChessBase"]
[SourceDate "2015.10.08"]
[SourceVersion "1"]
[SourceVersionDate "2015.10.08"]
[SourceQuality "1"]
[WhiteTeam "Rudovci Radnicki (W)"]
[BlackTeam "Kac Jugovic (W)"]
[WhiteTeamCountry "SRB"]
[BlackTeamCountry "SRB"]

1. d4 Nf6 2. c4 e5 3. dxe5 Ng4 4. Nh3 Nxe5 5. e3 Bb4+ 6. Bd2 Bxd2+ 7. Qxd2 d6 8. Nf4 Bf5 9. Nc3 0-0 10. Be2 Nbc6 11. 0-0 Ne7 12. Rad1 Bg4 13. Bxg4 Nxg4 14. Qe2 Qc8 15. Nfd5 Re8 16. Nxc7 Qxc7 17. Qxg4 h5 18. Qxh5 Qxc4 19. Rxd6 Qb4 20. Rd2 Ng6 21. Rfd1 Rac8 22. Qb5 Qg4 23. h3 Qh4 24. Rd4 Qh6 25. Rd6 b6 26. Qd7 Qg5 27. Ne4 Qa5 28. R6d5 Qxa2 29. Nd6 1-0

[Event "SRB-chT (Women)"]
[Site "Kragujevac"]
[Date "2015.08.22"]
[Round "3.5"]
[White "Velikic, Adela"]
[Black "Arsovic, Jelena"]
[Result "1/2-1/2"]
[WhiteElo "2302"]
[BlackElo "2061"]
[PlyCount "51"]
[EventDate "2015.08.20"]
[EventType "team-tourn"]
[EventRounds "11"]
[EventCountry "SRB"]
[SourceTitle "EXT 2016"]
[Source "ChessBase"]
[SourceDate "2015.10.08"]
[SourceVersion "1"]
[SourceVersionDate "2015.10.08"]
[SourceQuality "1"]
[WhiteTeam "Goracici Jelica (W)"]
[BlackTeam "Kac Jugovic (W)"]
[WhiteTeamCountry "SRB"]
[BlackTeamCountry "SRB"]

1. e4 c6 2. Nc3 d5 3. Nf3 dxe4 4. Nxe4 Nf6 5. Nxf6+ exf6 6. d4 Bg4 7. Bf4 Be7 8. Bd3 Na6 9. c3 Nc7 10. Bg3 0-0 11. 0-0 Ne6 12. Re1 Bd6 13. Be2 Nf4 14. Bxf4 Bxf4 15. Nd2 Bxe2 16. Rxe2 Qd5 17. g3 Bxd2 18. Qxd2 Rae8 19. a3 Re6 20. Rae1 Rfe8 21. Qd3 Qb3 22. Kg2 Qd5+ 23. Kg1 Qb3 24. Kg2 Qd5+ 25. Kg1 Qb3 26. Kg2 1/2-1/2

[Event "Skopje Karposh op"]
[Site "Skopje"]
[Date "2015.04.02"]
[Round "8"]
[White "Sinik, Yagmur"]
[Black "Arsovic, Jelena"]
[Result "1/2-1/2"]
[WhiteElo "1474"]
[BlackElo "2119"]
[PlyCount "65"]
[EventDate "2015.03.27"]
[EventType "swiss"]
[EventRounds "9"]
[EventCountry "MKD"]
[SourceTitle "CBM 165 Extra"]
[Source "ChessBase"]
[SourceDate "2015.04.21"]
[SourceVersion "1"]
[SourceVersionDate "2015.04.21"]
[SourceQuality "1"]

1. e4 c6 2. d4 d5 3. Nc3 dxe4 4. Nxe4 Bf5 5. Nc3 Nf6 6. Nf3 e6 7. Bc4 Be7 8. Be3 0-0 9. 0-0 Nbd7 10. Re1 Qc7 11. Qe2 Rfd8 12. Rad1 Ng4 13. h3 Nxe3 14. fxe3 Qg3 15. Kf1 Nb6 16. Bd3 Bxd3 17. Rxd3 Nd5 18. Nxd5 exd5 19. Qf2 Bd6 20. e4 dxe4 21. Rxe4 Re8 22. Rde3 Qxf2+ 23. Kxf2 Kf8 24. Ng5 Rxe4 25. Rxe4 h6 26. Nf3 b5 27. Ne5 Bxe5 28. Rxe5 Rd8 29. Rc5 Rd6 30. c3 Ke7 31. Re5+ Kd7 32. Rf5 Ke7 33. Re5+ 1/2-1/2

[Event "Skopje Karposh op"]
[Site "Skopje"]
[Date "2015.04.01"]
[Round "7"]
[White "Arsovic, Jelena"]
[Black "Kurekci, Ferit Tuna"]
[Result "0-1"]
[WhiteElo "2119"]
[BlackElo "1658"]
[PlyCount "78"]
[EventDate "2015.03.27"]
[EventType "swiss"]
[EventRounds "9"]
[EventCountry "MKD"]
[SourceTitle "CBM 165 Extra"]
[Source "ChessBase"]
[SourceDate "2015.04.21"]
[SourceVersion "1"]
[SourceVersionDate "2015.04.21"]
[SourceQuality "1"]

1. e4 e6 2. d3 d5 3. Qe2 Nf6 4. g3 dxe4 5. dxe4 e5 6. Bg2 Nc6 7. c3 Bc5 8. Nf3 a5 9. 0-0 0-0 10. Nbd2 b6 11. Nb3 Ba6 12. c4 Bd6 13. Rd1 Qe7 14. Bg5 h6 15. Bxf6 Qxf6 16. Qc2 a4 17. Nbd2 Bb7 18. Nf1 Bc5 19. Ne3 Bxe3 20. fxe3 Nb4 21. Qc3 Nc6 22. Rd7 Bc8 23. Rd2 Qe7 24. Rad1 g6 25. Rf1 f6 26. Nh4 Kg7 27. Rfd1 Be6 28. Nf5+ gxf5 29. exf5 Bxf5 30. Bxc6 Rad8 31. Rxd8 Rxd8 32. Rxd8 Qxd8 33. Bxa4 Qa8 34. Bb3 Bh3 35. Qd2 Qf3 36. Qf2 Qe4 37. Bd1 Qxc4 38. b3 Qc1 39. Qe1 Bg4 0-1